[Event "FIDE Zone 3.4 Men-ch 2017"]
[Site "Tashkent"]
[Date "2017.06.18"]
[Round "3.5"]
[White "Begmuratov, Alisher"]
[Black "Esenov, Annaberdi"]
[Result "0-1"]
[WhiteElo "2398"]
[BlackElo "2325"]
[Annotator "TA"]
[PlyCount "96"]
[EventDate "2017.??.??"]
[EventType "swiss"]
[EventCountry "UZB"]
[SourceTitle "playchess.com"]
[Source "ChessBase"]
[SourceQuality "1"]

{[%evp 19,96,37,54,29,70,63,80,55,62,-32,-30,-44,33,20,31,0,0,18,19,23,23,0,2,-31,-38,-120,-119,-119,-117,-112,-120,-279,-96,-94,-83,-81,-72,-117,-120,-125,-128,-127,-114,-166,-163,-169,-160,-161,-170,-172,-154,-173,-189,-267,-245,-241,-214,-490,-486,-1010,-1005,-1664,-599,-724,-677,-522,-320,-485,-512,-379,-390,-566,-400,-2068,-2021,-1745,-1015,-2356,-2341]} 1. d4 Nf6 2. c4 g6 3. Nc3 Bg7 4. e4 d6 5. Nf3 O-O 6. h3 e5 7. d5 a5 8. g4 Na6 9. Be3 c6 10. Nd2 Nc5 11. a3 {E90: King's Indian: Classical: Early deviations and 6 h3} (11. Be2 Bd7 12. h4 cxd5 13. cxd5 Rc8 14. g5 Nh5 15. Bxc5 Rxc5 16. Bxh5 gxh5 17. Qxh5 b5 18. a4 bxa4 19. Qd1 Qc7 20. Nxa4 {0-1 (45) Grischuk,A (2751)-Naiditsch,A (2686) Novi Sad 2016}) 11... Nfd7 12. h4 {[%cal Bh3h4,Bh4h5][%mdl 32]} a4 13. h5 {White is better.} Bf6 {[#]} 14. Nf3 $146 (14. Qf3 $14) ({Predecessor:} 14. Qf3 g5 15. Qd1 h6 16. Qc2 Be7 17. Be2 {1-0 (45) Al Sayed,M (2530)-Mihajlov,S (2335) Gibraltar 2016}) 14... Nb3 $15 15. Rb1 Nd4 (15... Ndc5 $15 16. g5 Bg7) 16. Be2 {[%cal Rf3d4]} c5 17. Rg1 Nb6 18. g5 Bg7 19. Nh4 Bd7 20. Qd3 Qe8 21. hxg6 fxg6 22. Bg4 ({White should play} 22. Bd1 $15) 22... Bxg4 $17 23. Rxg4 Qd7 24. Rg3 Rf7 25. Kf1 $2 {[#]} (25. Ne2 $17) 25... Raf8 $2 (25... Rf4 $1 $19 {[%cal Rf4h4][%mdl 512] is more deadly.} 26. Bxf4 exf4) 26. Kg2 {[#]} Rf4 $1 $36 {[%cal Rf4h4][%mdl 2560] Black is in control.} 27. Rh1 (27. Bxf4 exf4) 27... Rg4 28. f3 Rxg3+ 29. Kxg3 Qd8 30. Rg1 Rf7 31. Nb5 (31. Nb1 $17) 31... Nb3 $19 32. Ng2 Na5 33. Rc1 Qd7 34. Na7 Rf8 35. Bd2 Nb3 36. Rd1 (36. Rc3 {might work better.}) 36... Nxd2 ({Not} 36... Nd4 37. Ne1 $17) 37. Rxd2 Qe7 38. Kg4 $2 (38. Rc2) 38... h5+ 39. gxh6 (39. Kh4 $142 Bh6 40. Kh3 Qxg5 41. Rf2) 39... Bxh6 40. Rc2 Qg5+ (40... Bf4 $142 41. Nxf4 Rxf4+ 42. Kg3 Qg5+ 43. Kf2 Rh4) 41. Kh3 Rf7 42. Kh2 Bf8 43. Nb5 (43. Kg1 $142) 43... Rh7+ {[%cal Bf7h7,Bh7h3,Bh3g3][%mdl 32]} 44. Kg1 Qg3 45. Qc3 (45. Nc3 {keeps fighting.} Rh2 46. Nd1) 45... Rh3 {Strongly threatening ...Be7.} 46. Nc7 (46. Qe1 $142 Qxf3 47. Rc3) 46... Qh2+ {Black is clearly winning.} 47. Kf1 Rg3 {( -> ...Qh1+)} 48. Qe3 Nxc4 {Precision: White = 26%, Black = 69%.} 0-1

[Event "FIDE Zone 3.4 Men-ch 2017"]
[Site "Tashkent"]
[Date "2017.06.18"]
[Round "3.6"]
[White "Vokhidov, Shamsiddin"]
[Black "Vakhidov, Jahongir"]
[Result "0-1"]
[WhiteElo "2381"]
[BlackElo "2519"]
[Annotator "TA"]
[PlyCount "96"]
[EventDate "2017.??.??"]
[EventType "swiss"]
[EventCountry "UZB"]
[SourceTitle "playchess.com"]
[Source "ChessBase"]
[SourceQuality "1"]

{[%evp 24,96,0,-4,0,-11,-7,-10,2,-10,-22,-18,-2,-10,25,0,12,17,29,11,27,0,0,-61,0,0,0,-10,-27,-12,-55,-58,-63,-116,-116,-117,-116,-195,-195,-196,-188,-192,-187,-187,-158,-199,-183,-205,-152,-297,-227,-277,-169,-259,-232,-238,-225,-227,-236,-252,-222,-406,-418,-397,-405,-479,-497,-481,-475,-439,-410,-633,-626,-5181,-5181]} 1. e4 c5 2. Nf3 g6 3. c3 d5 4. exd5 Qxd5 5. d4 Bg7 6. Be3 cxd4 7. cxd4 Nf6 8. Nc3 Qa5 9. Bc4 O-O 10. O-O Bg4 11. h3 Bxf3 12. Qxf3 Nc6 13. a3 Ne8 $146 {B22: Sicilian: 2 c3} ({Predecessor:} 13... Nd7 14. Bb5 Rac8 15. Rad1 Rfd8 16. Bc4 Nf6 17. Ne4 Qf5 18. Qxf5 gxf5 19. Nxf6+ Bxf6 20. d5 Na5 21. Ba2 {½-½ (46) De Dovitiis,A (2331)-Valenzuela Fuentealba,L (2460) Villa Martelli 2017}) 14. Rfd1 Nd6 15. Bd5 Rac8 {The position is equal.} 16. b4 Qd8 17. Rac1 e6 18. Ba2 (18. Bxc6 $5 Rxc6 19. Bf4 $11) 18... Ne7 19. Bf4 Nef5 20. Be5 Qg5 21. Qg4 Qe7 22. Bb3 Rfd8 23. g3 (23. Qe2 $11) 23... Rc7 ({Black should try} 23... Nc4 $15 24. Bxc4 Rxc4) 24. Qf3 $11 Rdc8 25. Rc2 Bxe5 26. dxe5 Nc4 27. Bxc4 Rxc4 28. g4 {[#]} (28. Rd3 $1 $15) 28... Nh4 $1 $36 {[%cal Rh4f3][%mdl 2048] Keeping White busy.} (28... Nd4 $6 {[#]} 29. Rxd4 $1 {[%mdl 512]} Rxd4 30. Nd5 $11) 29. Qe3 {[#]} Qg5 $1 {[%mdl 512] White must now prevent ...Qxe3.} 30. Rd3 (30. Qg3 $17 Qxe5 31. Qxh4 (31. Rd8+ $2 Rxd8 32. Qxe5 Nf3+ 33. Kf1 Nxe5 $19) 31... Rxc3 32. Rd8+ Rxd8 33. Qxd8+ Kg7 34. Rxc3 Qxc3 35. g5) (30. Qxg5 Nf3+) 30... Qxe3 $19 31. Rxe3 g5 32. Kf1 Kg7 33. Ke2 Ng2 34. Rf3 Nf4+ 35. Kd1 h5 36. Rg3 {[#]} (36. gxh5 $17 a6 37. Kc1) 36... a5 $1 {[%mdl 512]} 37. bxa5 R8c5 38. Rf3 (38. gxh5 {might work better.} Nxh5 39. Re3) 38... hxg4 ({Much less strong is} 38... Rxa5 39. Nb1 $19) 39. hxg4 Ng6 ({Resist} 39... Rxe5 40. Nb1) 40. Re3 Nxe5 41. f3 f5 ({Don't play} 41... Rxa5 42. Ne4 $19) 42. gxf5 $2 (42. Rce2 {keeps fighting.} Kf6 43. Rc2) 42... exf5 43. Rce2 Kf6 (43... Rxc3 $2 44. Rxc3 Rxc3 45. Rxe5 $19) 44. Na2 Rd4+ 45. Ke1 Nd3+ 46. Kf1 Nf4 47. Re1 (47. Rb2 $142 Rd1+ 48. Kf2 Nd3+ 49. Rxd3 Rxd3 50. Rb6+ Ke5 51. Nb4) 47... Rc2 48. Nb4 Rh2 {Precision: White = 33%, Black = 66%.} 0-1

[Event "FIDE Zone 3.4 Men-ch 2017"]
[Site "Tashkent"]
[Date "2017.06.18"]
[Round "3.7"]
[White "Kakageldyev, Amanmurad"]
[Black "Odeev, Handszar"]
[Result "0-1"]
[WhiteElo "2376"]
[BlackElo "2405"]
[Annotator "TA"]
[PlyCount "78"]
[EventDate "2017.??.??"]
[EventType "swiss"]
[EventCountry "UZB"]
[SourceTitle "playchess.com"]
[Source "ChessBase"]
[SourceQuality "1"]

{[%evp 14,78,-15,-40,-30,-34,-29,-25,0,-103,-85,-73,-70,-120,-58,-60,-65,-66,-59,-53,-58,-79,-63,-71,-77,-71,-74,-73,-51,-129,-120,-125,-116,-147,-147,-152,-127,-125,-109,-123,-135,-119,-114,-119,-89,-81,-100,-120,-125,-113,0,-85,-78,-87,-75,-87,-85,-77,3,0,0,16,114,75,266,29,37]} 1. d4 Nf6 2. c4 g6 3. Nc3 d5 4. Bf4 Bg7 5. Rc1 Nh5 6. Bg5 h6 7. Bh4 {D82: Grünfeld: 4 Bf4} c5 8. Nxd5 {LiveBook: 3 Games} Nc6 9. e3 {Black has an edge.} cxd4 10. Be2 $146 ({Predecessor:} 10. exd4 Bxd4 11. Qd2 g5 12. Be2 Nf6 13. Nf3 Bb6 14. Nxf6+ exf6 15. Qxd8+ Bxd8 {½-½ (42) Sokolov,I (2706)-Svidler,P (2747) Wijk aan Zee 2004}) 10... dxe3 11. fxe3 (11. Bxh5 $11 {was the only way to keep the balance.} Qa5+ 12. Kf1 exf2 13. Bxf2 gxh5 14. b4) 11... Bxb2 $17 12. Rc2 {[#]} Bf6 $1 {[%cal Rf6h4]} 13. Bf2 e6 (13... Qa5+ $17 14. Qd2 Bf5 15. Qxa5 Nxa5 16. Nxf6+ Nxf6) 14. Nxf6+ $15 Nxf6 15. Qxd8+ Kxd8 16. Bf3 e5 $36 {[%mdl 2048] White is under pressure.} 17. Bg3 {next Bxc6 is good for White.} Re8 18. Bxc6 bxc6 19. Nf3 Nd7 20. O-O f6 21. Rd1 {[#]} (21. Nd2 $15) 21... Ke7 $1 $17 22. Be1 Rb8 23. Rc3 Nc5 24. Ra3 a6 25. Ba5 Rb2 26. Bc3 Rb7 27. Nd2 Rd8 {...Ne4! is the strong threat.} 28. Rc1 Nd3 29. Rf1 Rb8 30. Ne4 Bf5 31. Ng3 Bc8 32. Ne4 $1 {White wants to play Ba5.} f5 33. Nd2 c5 34. e4 Rd6 35. Nf3 Ke6 ({Black should try} 35... fxe4 $17 36. Nxe5 h5) 36. exf5+ gxf5 {[#] White must now prevent ...e4.} 37. Nxe5 $1 {[%mdl 512]} Nb4 (37... Rbb6 $11) (37... Nxe5 38. Re1) 38. Ng6 Nd3 $2 (38... Nc6 $16) 39. Nh4 $2 (39. Rd1 $18) 39... f4 {[%mdl 32768] Precision: White = 65%, Black = 55%. . Loss on Time!?} 0-1

[Event "FIDE Zone 3.4 Men-ch 2017"]
[Site "Tashkent"]
[Date "2017.06.19"]
[Round "4.1"]
[White "Kostenko, Petr"]
[Black "Abdusattorov, Nodirbek"]
[Result "1-0"]
[WhiteElo "2438"]
[BlackElo "2462"]
[Annotator "TA"]
[PlyCount "113"]
[EventDate "2017.??.??"]
[EventType "swiss"]
[EventCountry "UZB"]
[SourceTitle "playchess.com"]
[Source "ChessBase"]
[SourceQuality "1"]

{[%evp 18,113,52,61,58,53,52,33,56,47,58,40,55,43,69,75,76,76,74,56,78,68,91,52,102,111,121,85,208,194,203,204,233,218,288,178,178,217,177,103,270,279,358,366,344,164,156,145,134,143,161,167,241,153,153,150,203,196,290,80,79,71,158,151,168,174,252,251,378,353,312,361,375,364,368,347,329,306,303,340,434,424,627,665,585,578,769,744,723,722,684,620,640,629,611,606,622,608]} 1. d4 Nf6 2. Bf4 d5 3. e3 c5 4. c3 Nc6 5. Nd2 Qb6 (5... e6 6. Ngf3 Bd6 7. Bg3 O-O 8. Bb5 a6 9. Bxc6 bxc6 10. Qa4 Rb8 11. Qa3 Bxg3 12. hxg3 cxd4 13. cxd4 a5 14. O-O Qb6 15. b3 Ba6 {1-0 (24) Carlsen,M (2840)-Anand,V (2779) Doha 2016}) 6. Qb3 {D00: 1 d4 d5: Unusual lines} Bf5 7. dxc5 Qxb3 8. axb3 {[%cal Ba2b3,Bb3b4][%mdl 32]} e5 9. Bg3 Bxc5 10. Ngf3 {LiveBook: 10 Games} Nd7 11. b4 Bd6 12. Be2 (12. Nd4 $5 Nxd4 13. exd4 $14) 12... Ke7 13. Nh4 $146 (13. e4 $5 dxe4 14. Nh4 $14) 13... Be6 14. e4 g6 15. O-O f5 16. exf5 gxf5 {Hoping for ...f4.} 17. f4 $36 {[%mdl 2048] White has strong initiative.} e4 18. b5 Nd8 19. Bf2 Rf8 20. Be3 Bg8 21. g3 (21. Rxa7 $6 Rxa7 22. Bxa7 b6 $11) 21... Ne6 22. Rfd1 Kf6 (22... d4 $16 23. cxd4 Nc7) 23. Nf1 (23. Rxa7 Rxa7 24. Bxa7 b6 $15) 23... d4 24. cxd4 Nc7 25. d5 $1 Bxd5 26. Bd4+ (26. Rxa7 Rxa7 27. Bxa7 b6 $16) 26... Ke7 27. Ne3 (27. Rxa7 Rxa7 28. Bxa7 b6 $11) 27... Be6 28. Bf1 ({Inferior is} 28. Bxa7 b6 $11) (28. Rxa7 Rxa7 29. Bxa7 b6 $11) (28. Bc4 $18) 28... b6 $2 (28... Nd5 $16 {was necessary.}) 29. Rac1 $1 $18 ({Resist} 29. Bh3 $6 Nxb5 30. Nhxf5+ (30. Nexf5+ Rxf5 31. Nxf5+ Bxf5 $16) 30... Bxf5 $16) 29... Rf7 30. Rc6 Nd5 31. Nc4 (31. Nxd5+ $142 Bxd5 32. Bf6+ $1 {[%mdl 512]} Rxf6 33. Rxd5 Bc5+ 34. Kg2 Rxc6 35. bxc6) 31... Bb4 32. Bh3 Rd8 33. Ra1 Ra8 34. Kf2 Rff8 (34... Bc5 $142 35. Bxc5+ Nxc5) 35. Ne3 Nxe3 36. Kxe3 Bd6 (36... Rf7 $16 {was worth a try.} 37. Bc3 Bc5+ 38. Kd2 Bd6) 37. Rd1 Rf7 {[#]} (37... Nc5 $142) 38. Bf1 $2 (38. Bf6+ $1 $18 {[%mdl 512]} Nxf6 39. Rdxd6 Nd5+ 40. Kd4) 38... Bb3 $16 39. Ra1 Bd5 (39... Be6 $142) 40. Bh3 $1 Be6 {[#]} 41. Rd1 $1 Bb4 {[#]} (41... Nc5 $142) 42. g4 $1 $18 {[%mdl 512]} fxg4 {[#]} (42... Bb3 {keeps fighting.}) 43. Rxe6+ $1 {[%mdl 512]} Kxe6 44. Bxg4+ Ke7 {next ...Nf6 is good for Black.} 45. Bxd7 $1 Kxd7 46. Bc5+ Ke8 47. Bxb4 Rc8 48. Rd5 Rd7 49. Re5+ {White is clearly winning.} Kf7 (49... Kd8 $142 50. Rxe4 Rc2) 50. Nf5 Rc2 51. Nd6+ Kg7 52. Rg5+ Kf6 53. Nxe4+ Kf7 54. Bc3 {Threatens to win with Rg7+.} Re7 55. Rf5+ Ke8 56. Rh5 Rg2 57. Kf3 {Precision: White = 64%, Black = 28%.} 1-0

[Event "FIDE Zone 3.4 Men-ch 2017"]
[Site "Tashkent"]
[Date "2017.06.19"]
[Round "4.2"]
[White "Esenov, Annaberdi"]
[Black "Atabayev, Saparmyrat"]
[Result "1-0"]
[WhiteElo "2325"]
[BlackElo "2436"]
[Annotator "TA"]
[PlyCount "61"]
[EventDate "2017.??.??"]
[EventType "swiss"]
[EventCountry "UZB"]
[SourceTitle "playchess.com"]
[Source "ChessBase"]
[SourceQuality "1"]

{[%evp 15,61,2,20,-13,-12,-31,-27,-38,-29,-39,-16,-20,-26,-24,-18,-5,-18,-8,0,0,27,28,38,49,69,5,43,42,50,58,37,27,72,-15,-6,-62,-4,-16,0,-4,113,125,117,114,757,750,854,844]} 1. e4 e5 2. Nf3 Nc6 3. Bc4 Nf6 4. d3 Bc5 5. c3 O-O 6. Bg5 h6 {C54: Giuoco Piano: 4 c3 Nf6, main lines with 5 d4 and 5 d3} (6... d6 7. Nbd2 h6 8. Bh4 g5 9. Nxg5 hxg5 10. Bxg5 Kg7 11. Qf3 Be6 12. b4 Bb6 13. Bd5 a5 14. b5 Nb8 15. Bxb7 {½-½ (53) Carlsen,M (2840)-Karjakin,S (2785) Wijk aan Zee 2017}) 7. Bh4 Be7 8. Nbd2 d6 {LiveBook: 30 Games. The position is equal.} 9. h3 Nh5 10. Bxe7 Qxe7 11. g3 Na5 12. Qe2 Bd7 $146 ({Predecessor:} 12... a6 13. Bb3 b5 14. Bd5 {0-1 (40) Burghoff,E (1323)-Krastev,A (1872) Magdeburg 2015}) 13. Nh4 {[%cal Bf3h4,Bh4g2,Bg2e3][%mdl 32]} Nxc4 14. Nxc4 g6 15. O-O-O Be6 16. Kb1 Kh7 (16... b5 $5 {[%cal Rb5c4]} 17. Nd2 a5 $11) 17. Ne3 Qd7 18. Nhg2 Qa4 19. b3 Qc6 20. Qc2 (20. Qd2 $1 $14) 20... d5 21. exd5 Bxd5 22. Nxd5 Qxd5 23. Ne3 $36 {[%mdl 2048] White has some pressure.} Qe6 24. d4 (24. Rhe1 $16) 24... exd4 $11 25. Rxd4 (25. Ng4 $11) 25... Rad8 (25... Nxg3 $1 $15 26. Rhd1 c5) 26. Re4 Qc6 27. Re1 Rd2 (27... Nf6 $11 {remains equal.} 28. Rc4 Qb6) 28. Qxd2 $16 Qxe4+ 29. Kb2 $1 Re8 $2 {[%mdl 8192] [#]} (29... Nf6 $16) 30. Nc2 $1 $18 Qc6 {[#]} 31. Nb4 $1 {Precision: White = 57%, Black = 24%.} 1-0

[Event "FIDE Zone 3.4 Men-ch 2017"]
[Site "Tashkent"]
[Date "2017.06.19"]
[Round "4.3"]
[White "Khusenkhojaev, Muhammad"]
[Black "Markov, Mikhail"]
[Result "1/2-1/2"]
[WhiteElo "2424"]
[BlackElo "2413"]
[Annotator "TA"]
[PlyCount "92"]
[EventDate "2017.??.??"]
[EventType "swiss"]
[EventCountry "UZB"]
[SourceTitle "playchess.com"]
[Source "ChessBase"]
[SourceQuality "1"]

{[%evp 27,92,36,34,34,21,27,52,56,72,57,69,66,68,56,61,61,62,58,74,58,52,55,58,63,74,76,69,69,62,71,75,60,79,80,114,91,87,92,97,76,79,79,106,104,101,100,120,121,119,108,104,0,0,0,0,0,0,0,0,0,0,0,0,0,0,0,0]} 1. Nf3 Nf6 2. c4 c6 3. d4 e6 4. Nc3 d5 5. e3 Nbd7 6. Qc2 Bd6 7. Bd3 O-O 8. O-O dxc4 9. Bxc4 e5 10. Bb3 Qe7 11. h3 h6 12. Nh4 Re8 {D46: Semi-Slav: 5 e3 Nbd7 6 Bd3, Black avoids the Meran} (12... Bc7 13. Nf5 Qe8 14. Nb5 Bb8 15. Nbd6 Bxd6 16. Nxd6 Qe7 17. Nf5 Qe8 18. Bd2 exd4 19. exd4 Qe4 20. Qxe4 Nxe4 21. Bb4 c5 22. Ba3 Nd2 23. Rfe1 Nxb3 24. axb3 b6 25. Re7 Nf6 {½-½ (25) Enchev,I (2447)-Manea,A (2385) Sunny Beach 2015}) 13. Nf5 Qf8 14. Nxd6 Qxd6 {LiveBook: 6 Games. White is slightly better.} 15. Rd1 exd4 16. exd4 Nb6 17. Bxh6 $1 Ng4 18. hxg4 {[#] Bg5 is the strong threat.} Qxh6 19. f3 Be6 20. Qd2 Qh4 $146 ({Predecessor:} 20... Qxd2 21. Rxd2 Bxb3 22. axb3 Red8 {½-½ (22) Kovacs,E (2257)-Bereczki,J (2174) Hungary 2007}) 21. Qf2 Qh6 22. d5 cxd5 23. Nxd5 (23. Re1 {keeps more tension.} Rac8 24. Rad1 Qf4 25. a3 Rcd8 26. Rd4) 23... Nxd5 24. Bxd5 Bxd5 25. Rxd5 Qa6 26. Rd2 Re6 27. a3 Rae8 28. Rad1 Qa5 29. Rd5 Re1+ 30. Kh2 R1e2 31. Qh4 Qc7+ {[#]} 32. Kh3 $1 {Hoping for Rh5.} R2e5 ({Stronger than} 32... Rxb2 33. Rh5 Qh2+ 34. Kxh2 Rxg2+ 35. Kxg2 Re2+ 36. Kf1 f6 37. Rh8+ Kf7 38. Qh5+ g6 39. Qh7+ Ke6 40. Re8#) 33. Rxe5 (33. Rd7 {with more complications.} Qb6 34. b4 a5 35. g5 Qe3 36. Rd8) 33... Qxe5 $16 {[%mdl 4096] Endgame KQR-KQR} 34. Rd8 f6 35. Rxe8+ Qxe8 {KQ-KQ} 36. g5 Qe6+ 37. Qg4 f5 38. Qf4 Kh7 39. g4 ({White should try} 39. Qd2 $16) 39... Kg6 $11 {The position is equal.} 40. Qd4 fxg4+ 41. fxg4 b6 42. a4 Qe2 43. Qf4 {[%csl Gg4][%cal Rf4f5]} Qe6 44. Qd4 Qe2 45. Qf4 {[%csl Gg4][%cal Rf4f5]} Qe6 46. Qd4 Qe2 {Precision: White = 72%, Black = 77%.} 1/2-1/2

[Event "FIDE Zone 3.4 Men-ch 2017"]
[Site "Tashkent"]
[Date "2017.06.19"]
[Round "4.4"]
[White "Vakhidov, Jahongir"]
[Black "Fayzullaev, Akmal"]
[Result "1/2-1/2"]
[WhiteElo "2519"]
[BlackElo "2391"]
[Annotator "TA"]
[PlyCount "75"]
[EventDate "2017.??.??"]
[EventType "swiss"]
[EventCountry "UZB"]
[SourceTitle "playchess.com"]
[Source "ChessBase"]
[SourceQuality "1"]

{[%evp 14,75,23,-3,-1,-10,0,0,8,8,31,35,37,34,44,33,47,21,14,12,17,7,16,9,3,0,0,0,0,0,0,0,0,0,0,0,0,0,0,0,0,0,0,0,0,0,0,0,0,0,5,0,0,0,0,0,0,0,0,0,0,0,4,0]} 1. Nf3 Nf6 2. c4 b6 3. d4 Bb7 4. g3 g6 5. Bg2 Bg7 6. O-O O-O 7. Re1 {A50: Queen's Fianchetto Defence (1 d4 Nf6 2 c4 b6)} (7. Nc3 Ne4 8. Nxe4 Bxe4 9. Be3 c5 10. Qd2 d6 11. Rac1 Nd7 12. Rfd1 Nf6 13. Bh6 Qc7 14. Bxg7 Kxg7 15. Ne1 Rad8 16. f3 Bb7 17. d5 b5 18. b3 bxc4 19. bxc4 e5 {1-0 (56) Zherebukh,Y (2632)-Ipatov,A (2662) Saint Louis 2017}) 7... e6 8. b3 {LiveBook: 3 Games} d5 9. Nbd2 Nbd7 10. Bb2 c5 11. cxd5 $146 ({Predecessor:} 11. Rc1 Qe7 12. Qc2 Rac8 13. Qb1 cxd4 14. Nxd4 e5 {½-½ (26) Andersen,T (1919)-Andersen,D (1962) Borup 2014}) 11... Nxd5 12. Nc4 cxd4 13. Bxd4 Nc5 14. Bxg7 Kxg7 15. Qd4+ Qf6 {The position is equal.} 16. Nd6 Rad8 17. Nxb7 Nxb7 18. Rac1 Nc5 19. Qxf6+ Kxf6 20. Rc4 a5 21. Nd4 Ne7 22. Rb1 Rd6 23. Nb5 Rd2 24. Nc3 Kg7 25. b4 axb4 26. Rbxb4 Nc8 27. Bf3 Rc2 28. g4 Rd8 {[#] Threatens to win with ...Nd6.} 29. Na4 Rxa2 {...Nd6 is the strong threat.} 30. Nxc5 bxc5 31. Rxc5 Ra7 32. Rb8 {[#] aiming for Kg2.} (32. Kg2 $5 {[%cal Rb4b8]} Ne7 33. Rb7 Rxb7 34. Bxb7 $11) 32... Rd1+ 33. Kg2 Ne7 34. h4 h6 35. Rcb5 Rc1 36. Rd8 Rc8 37. Rd4 Rac7 38. Kh3 {Precision: White = 59%, Black = 85%.} 1/2-1/2

[Event "FIDE Zone 3.4 Men-ch 2017"]
[Site "Tashkent"]
[Date "2017.06.19"]
[Round "4.5"]
[White "Atabayev, Maksat"]
[Black "Sattarov, Bobir"]
[Result "1-0"]
[WhiteElo "2498"]
[BlackElo "2389"]
[Annotator "TA"]
[PlyCount "129"]
[EventDate "2017.??.??"]
[EventType "swiss"]
[EventCountry "UZB"]
[SourceTitle "playchess.com"]
[Source "ChessBase"]
[SourceQuality "1"]

{[%evp 13,129,29,26,23,39,35,27,24,48,28,50,52,45,46,46,23,24,27,30,29,54,34,43,58,65,61,66,70,88,98,101,100,89,87,106,103,113,114,123,68,169,157,140,152,197,193,243,213,287,76,77,85,70,77,283,281,326,82,81,0,0,0,0,0,0,0,0,0,0,0,0,0,0,0,0,0,0,0,68,58,44,62,254,245,222,214,227,209,453,449,892,364,358,345,345,357,345,343,431,333,433,411,414,312,6257,6817,1989,419,1664,1726,1494,1486,12833,12831,2573,2382,12837,12837]} 1. e4 e5 2. Nf3 Nc6 3. Bb5 a6 4. Ba4 Nf6 5. d3 d6 6. c3 g6 7. O-O Bg7 8. h3 {C77: Ruy Lopez: 3...a6 4 Ba4 Nf6, unusual lines} O-O 9. Be3 Bd7 10. Nbd2 {White has an edge.} Qe8 (10... Re8 11. Re1 Qe7 12. b4 h6 13. Bb3 Be6 14. a4 b6 15. Bc2 {1-0 (115) Caruana,F (2813)-Tomashevsky,E (2724) Germany 2016}) 11. Bb3 $146 ({Predecessor:} 11. Bc2 Nh5 12. d4 f5 13. exf5 gxf5 14. dxe5 Nxe5 15. Re1 Kh8 16. Nxe5 dxe5 {½-½ (23) Akopian,V (2675)-Amin,B (2654) Sharjah 2016}) 11... Kh8 12. Re1 Nh5 13. d4 Rd8 14. dxe5 dxe5 15. Qc2 h6 16. Bd5 Qe7 17. b4 {Bc5 is the strong threat.} Qf6 18. a4 {[%cal Ba2a4,Ba4a5][%mdl 32]} Nf4 19. Bxf4 Qxf4 20. Re3 Rde8 21. Nb3 {Black must now prevent Nc5.} Nd8 22. Nc5 Bc8 23. a5 h5 24. Rd3 f5 25. Re1 $36 {[%mdl 2048] White has strong initiative.} Qh6 26. Bc4 (26. Qd1 $16) 26... g5 (26... b6 $14 27. Nd7 (27. Nxa6 fxe4 28. Rxe4 Bf5 $16) 27... fxe4 28. Rxe4 Rxf3 29. gxf3 Qg5+ 30. Kf1 Qf5) 27. h4 $18 g4 28. Ng5 Bf6 29. Nd7 f4 30. Nxf8 Rxf8 31. Rxd8 $2 (31. Red1 $18 {has better winning chances.} Bxg5 32. hxg5 Qxg5 33. Qd2) 31... Bxd8 $16 32. Nf7+ Rxf7 33. Bxf7 Qf6 $2 (33... Bxh4 $16 {is a better defense.} 34. Qd3 f3) 34. Ba2 $18 ({Not} 34. Bxh5 Qxh4 35. Qd1 g3 $16) 34... g3 {[#]} 35. Kf1 $2 (35. fxg3 $1 $18 {is the precise move to win.} fxg3 36. Rf1 Qxh4 37. Rf8+ Kh7 38. Qb3) 35... gxf2 $16 36. Rd1 (36. Qxf2 $16 Kh7 37. Bb3) 36... Qxh4 $11 37. Qxf2 Qh1+ $1 38. Qg1 Qh4 39. Rd3 Bg4 40. Bb3 (40. Bd5 $5 {[%cal Rd5b7]} c6 41. Bb3 $11) 40... Be7 41. Bd1 Be6 42. Be2 Kh7 43. g3 fxg3 44. Rxg3 Qf4+ 45. Kg2 h4 ({But not} 45... Qxe4+ $6 46. Bf3 $16) ({Better is} 45... Bh4 $11 46. Rf3 Qd2) 46. Rf3 $14 Qd2 ({Don't go for} 46... Qxe4 $2 47. Bd3 $18) 47. Qe3 Qe1 $2 (47... Qxe3 $1 $14 48. Rxe3 Kh6) 48. Rf1 h3+ 49. Kh2 Qh4 50. Qg3 Qh6 $2 (50... Kh6 51. Rg1 Qxg3+ 52. Rxg3 Bh4) 51. Bg4 $18 Bh4 (51... Bb3 $142 52. Rf5 Qg6 53. Rxe5 Qd6 54. Kxh3 Bf7) 52. Qxh3 (52. Qxe5 $142 Bxg4 53. Qxc7+ Kh8 54. Qb8+ Kh7 55. Qc7+ Kg8 56. Qb8+ Kh7 57. Qc7+) 52... Bc4 53. Rd1 Bb5 54. Kg2 Kg7 55. Qf3 Be7 56. Bf5 c5 57. Qg3+ Kf6 58. Qg8 {aiming for Qe6+.} Be2 $2 (58... Qg5+ 59. Qxg5+ Kxg5) 59. Qe6+ Kg5 60. Qxh6+ Kxh6 61. Rd7 {White is clearly winning.} Bf8 62. Rf7 Bg7 63. bxc5 {[%cal Bb4c5,Bc5c6][%mdl 32]} Bb5 64. Rxb7 Bf8 {[#]} 65. c6 $1 {Precision: White = 68%, Black = 38%.} 1-0